000 00674nam a2200289Ia 4500
005 20260324144308.0
008 008 260324s9999 xx 000 0 eng d
020 _a9780203778388
037 _aEBOOK
040 _aCRL
040 _beng
040 _cCRL
041 _2eng
041 _aeng
084 _qCRL
100 _aJohn E. Gedo
_91208982
245 4 _aThe Mind in Disorder
245 0 _bPsychoanalytic Models of Pathology
260 _bTaylor and Francis
260 _c1988
365 _a
365 _b86.99
856 _uhttp://www.taylorfrancis.com/books/9780203778388
942 _cEBOOK
999 _c1825243
_d1825243